Introduction to Financial Management. (Record no. 5329)

MARC details
005 - DATE AND TIME OF LATEST TRANSACTION
control field 20250626124409.0
020 ## - INTERNATIONAL STANDARD BOOK NUMBER
International Standard Book Number 0256028192
082 ## - DEWEY DECIMAL CLASSIFICATION NUMBER
Classification number 658.15 MAU
100 ## - MAIN ENTRY--PERSONAL NAME
Author name Maurice,J.
245 ## - TITLE STATEMENT
Title Introduction to Financial Management.
250 ## - EDITION STATEMENT
Edition statement 3rd Ed.
260 ## - PUBLICATION, DISTRIBUTION, ETC.
Place of publication, distribution, etc. Boston
Name of publisher, distributor, etc.
Date of publication, distribution, etc. 1983
300 ## - PHYSICAL DESCRIPTION
Extent x,570P.;tables
Other physical details Index
Dimensions 23cm.
942 ## - ADDED ENTRY ELEMENTS (KOHA)
Source of classification or shelving scheme Dewey Decimal Classification
Koha item type Books
Holdings
Date last seen Total checkouts Full call number Barcode Cost, replacement price Price effective from Koha item type Lost status Source of classification or shelving scheme Damaged status Not for loan Withdrawn status Home library Current library Date acquired Source of acquisition Cost, normal purchase price
06/26/2025   658.15 MAU DOM000702 45000.00 06/26/2025 Books   Dewey Decimal Classification       CBE Dodoma CBE Dodoma 12/13/1988 Library budget 15000.00